| 000 | 00397cam a2200157ua 4500 | ||
|---|---|---|---|
| 003 | OSt | ||
| 008 | 231116b |||||||| |||| 00| 0 eng d | ||
| 041 | _aeng | ||
| 082 |
_a826 _bJON/JE |
||
| 100 |
_aJones, Frederick L . _95707 |
||
| 245 | 0 | 0 | _aLetters of Percy Bysshe Shelley, Vol 1 / |
| 250 | _a1 / | ||
| 260 |
_aLondon : _bOxford University Press , _c1964. |
||
| 300 | _a599 ; . | ||
| 942 | _cBK | ||
| 999 |
_c7807 _d7807 |
||